| 000 | 00355nam a2200145Ia 4500 | ||
|---|---|---|---|
| 008 | 230917s9999||||xx |||||||||||||| ||und|| | ||
| 040 |
_e153417 _aMAIN |
||
| 041 | _aEnglish | ||
| 082 | _a891.2109 R128P | ||
| 100 | _aRaghuvanash | ||
| 245 | 0 | _aPrakriti aur kavya | |
| 260 |
_aDelhi _bNational Publishing House _c1963 |
||
| 300 | _a439p p. | ||
| 942 | _cBK | ||
| 999 |
_c189517 _d189517 |
||